000 00421nam a22001697a 4500
003 OSt
005 20240819130920.0
008 240819b |||||||| |||| 00| 0 eng d
020 _a9789355490384
040 _cSBCL
082 _a920
_bCHA-K
245 _aKaalamsaakshi
260 _aKozhikode
_bMathrubhoomi
_c2023
300 _a400p.
650 _2History & geography
_aBiography, genealogy & insignia
942 _cBOOK
999 _c136227
_d136227